[Event "Amber-blind 2nd"]
[Site "Monte Carlo"]
[Date "1993.??.??"]
[Round "9"]
[White "Short, Nigel D"]
[Black "Karpov, Anatoly"]
[Result "0-1"]
[WhiteElo "2655"]
[BlackElo "2725"]
[PlyCount "100"]
[EventDate "1993.03.??"]
[Source "ChessBase"]

1. e4 c6 2. Nc3 d5 3. Nf3 Bg4 4. h3 Bxf3 5. Qxf3 e6 6. d4 Nf6 7. Bd3 dxe4 8. Nxe4 Nxe4 9. Qxe4 Nd7 10. c3 Nf6 11. Qe2 Bd6 12. O-O Bc7 13. Re1 O-O 14. Bd2 Re8 15. Rad1 e5 16. Qf3 exd4 17. Rxe8+ Qxe8 18. cxd4 Qe6 19. Bg5 Rd8 20. Bxf6 Qxf6 21. Qxf6 gxf6 22. Be2 Bb6 23. d5 cxd5 24. Bf3 Rc8 25. Rd2 Rc1+ 26. Kh2 Ba5 27. Rxd5 Bc7+ 28. g3 Rc2 29. Rd7 Rxf2+ 30. Bg2 Bb6 31. Rxb7 Rxb2 32. a4 Ra2 33. h4 f5 34. Kh3 Rd2 35. a5 Bf2 36. Rb3 Kg7 37. a6 Kg6 38. Ra3 h5 39. Rc3 Ra2 40. Rc6+ f6 41. Bd5 Ra3 42. Kg2 Bxg3 43. Rc8 Bxh4 44. Rg8+ Kh6 45. Bc4 f4 46. Ra8 f3+ 47. Kh3 Bf2 48. Rh8+ Kg5 49. Bf7 Ra1 50. Rxh5+ Kf4 0-1

[Event "Bruxelles (m/3)"]
[Site "?"]
[Date "1991.??.??"]
[Round "?"]
[White "Anand, V."]
[Black "Karpov, An"]
[Result "1/2-1/2"]
[WhiteElo "2650"]
[BlackElo "2730"]
[PlyCount "94"]
[EventDate "1991.??.??"]
[Source "ChessBase"]
[SourceDate "1991.06.01"]

1. e4 c6 2. Nf3 d5 3. Nc3 Bg4 4. h3 Bxf3 5. Qxf3 e6 6. d3 Nd7 7. Be2 g6 8. O-O Bg7 9. Qg3 Qb6 10. Kh1 Ne7 11. f4 f5 12. e5 d4 13. Nb1 Nd5 14. Na3 Bf8 15. Nc4 Qc7 16. a4 N7b6 17. Qf2 Nxc4 18. dxc4 Nb4 19. Bf3 Bc5 20. Rd1 Qe7 21. Qe2 a5 22. c3 dxc3 23. bxc3 Na6 24. Be3 Bxe3 25. Qxe3 Qc5 26. Qd4 Kf7 27. Rab1 Rab8 28. Rb6 Qe7 29. Bxc6 bxc6 30. Rxa6 Rhd8 31. Qg1 Rxd1 32. Qxd1 Rd8 33. Qf3 Qa3 34. Kh2 Rd7 35. Qxc6 Re7 36. Ra8 Qc1 37. Qf3 Kg7 38. Rd8 Rc7 39. c5 Qa3 40. Qa8 Qxc5 41. Rg8+ Kh6 42. Qd8 Qe7 43. Qd2 Rc4 44. Qd6 Qf7 45. Rf8 Qb7 46. Qd8 Qe4 47. Qh4+ Kg7 1/2-1/2

[Event "Amber-blind 4th"]
[Site "Monte Carlo"]
[Date "1995.??.??"]
[Round "6"]
[White "Ljubojevic, Ljubomir"]
[Black "Karpov, Anatoly"]
[Result "0-1"]
[WhiteElo "2580"]
[BlackElo "2780"]
[PlyCount "102"]
[EventDate "1995.03.??"]
[Source "ChessBase"]

1. e4 c6 2. Nc3 d5 3. Nf3 Bg4 4. h3 Bxf3 5. Qxf3 e6 6. g3 Nf6 7. Bg2 Nbd7 8. Qe2 dxe4 9. Nxe4 Nxe4 10. Bxe4 g6 11. c3 Bh6 12. h4 Nc5 13. d4 Bxc1 14. Rxc1 Nxe4 15. Qxe4 Qd5 16. Qxd5 cxd5 17. h5 Ke7 18. Kd2 Rhc8 19. a4 Rc6 20. a5 b5 21. axb6 Rxb6 22. Kc2 Rab8 23. Rb1 Rb3 24. hxg6 hxg6 25. f3 a5 26. Rhg1 a4 27. Rh1 g5 28. g4 Kf6 29. Rhe1 R8b7 30. Rh1 Kg6 31. Rhe1 R7b6 32. Rh1 Kf6 33. Rh6+ Ke7 34. Rhh1 Kd6 35. Rhe1 f6 36. Rh1 Rb8 37. Rhe1 e5 38. dxe5+ fxe5 39. Rh1 Kc5 40. Rhe1 Kc4 41. Rxe5 a3 42. Re7 Rxb2+ 43. Rxb2 Rxb2+ 44. Kc1 Kb3 45. Rb7+ Kxc3 46. Rc7+ Kd3 47. Ra7 Rb3 48. Ra5 d4 49. Ra4 Kc3 50. Ra5 d3 51. Rc5+ Kb4 0-1

[Event "Alma-Ata m2"]
[Site "Alma Ata KAZ"]
[Date "1995.??.??"]
[Round "?"]
[White "Tkachiev, Vladislav"]
[Black "Karpov, Anatoly"]
[Result "0-1"]
[WhiteElo "2575"]
[BlackElo "2765"]
[PlyCount "95"]
[EventDate "1995.??.??"]
[Source "www.chesslib.no"]
[SourceDate "2004.05.04"]

1. e4 c6 2. Nc3 d5 3. Nf3 Bg4 4. h3 Bxf3 5. Qxf3 e6 6. Qg3 g6 7. exd5 exd5 8. Be2 Bg7 9. O-O Ne7 10. d3 Nf5 11. Qh2 O-O 12. Bf4 Nd4 13. Bd1 Re8 14. Be3 Be5 15. Bf4 Qd6 16. Re1 Nd7 17. Bxe5 Rxe5 18. Rxe5 Nxe5 19. Qg3 Re8 20. a3 Re6 21. Rc1 a5 22. Bg4 Nxg4 23. Qxd6 Rxd6 24. hxg4 Re6 25. Kf1 Kf8 26. f3 Ke7 27. Kf2 Kd6 28. g5 Re5 29. f4 Re7 30. g3 b5 31. Rh1 b4 32. axb4 axb4 33. Nd1 Re2+ 34. Kf1 Rxc2 35. Rxh7 Nf5 36. Rxf7 Nxg3+ 37. Kg1 Rc1 38. Kf2 Rxd1 39. Kxg3 Rxd3+ 40. Kg4 c5 41. Rf6+ Ke7 42. Rxg6 Rd2 43. Rb6 Rxb2 44. Rb7+ Kd6 45. g6 Rg2+ 46. Kf5 d4 47. Kf6 d3 48. g7 0-1

[Event "Alma-Ata m2"]
[Site "Alma Ata KAZ"]
[Date "1995.??.??"]
[Round "?"]
[White "Tkachiev, Vladislav"]
[Black "Karpov, Anatoly"]
[Result "0-1"]
[WhiteElo "2575"]
[BlackElo "2765"]
[PlyCount "80"]
[EventDate "1995.??.??"]
[Source "www.chesslib.no"]
[SourceDate "2004.05.04"]

1. e4 c6 2. Nc3 d5 3. Nf3 Bg4 4. h3 Bxf3 5. Qxf3 e6 6. Qg3 Nd7 7. d3 Ngf6 8. Be2 g6 9. h4 h5 10. Bg5 Qb6 11. O-O-O Bg7 12. e5 Ng8 13. d4 Nh6 14. Qf4 a6 15. Bf3 Qa5 16. Kb1 b5 17. Ne2 Nb6 18. Nc1 Na4 19. Nb3 Qc7 20. Rc1 Rc8 21. Bf6 Bxf6 22. Qxf6 Rg8 23. c3 Qe7 24. Qf4 Nf5 25. g3 c5 26. Be2 c4 27. Nd2 a5 28. g4 hxg4 29. Bxg4 b4 30. Bd1 Nb6 31. h5 Kd7 32. hxg6 Rxg6 33. Rh7 Rcg8 34. Bc2 Rg4 35. Qf3 R4g5 36. Nf1 Kc6 37. Ne3 Qd7 38. Bxf5 exf5 39. cxb4 Kb5 40. bxa5 Kxa5 0-1

[Event "56th ch-RUS"]
[Site "Krasnoyarsk"]
[Date "2003.09.03"]
[Round "1"]
[White "Dvoirys, Semen I"]
[Black "Grischuk, Alexander"]
[Result "1/2-1/2"]
[WhiteElo "2555"]
[BlackElo "2732"]
[PlyCount "34"]
[EventDate "2003.09.03"]
[Source "Roberto Alvarez"]
[SourceDate "2003.09.15"]

1. e4 c6 2. Nc3 d5 3. Nf3 Bg4 4. h3 Bxf3 5. Qxf3 e6 6. g3 Nf6 7. Bg2 Bb4 8. O-O Bxc3 9. Qxc3 dxe4 10. d3 exd3 11. Rd1 Nbd7 12. Rxd3 O-O 13. Bg5 Qe7 14. Rad1 Nb6 15. Qa5 Nc4 16. Qc3 Nb6 17. Qa5 Nc4 1/2-1/2

[Event "Moscow RUS"]
[Site "?"]
[Date "2006.02.09"]
[Round "2"]
[White "Azarov Sergei"]
[Black "Akopian Vladimir"]
[Result "0-1"]
[WhiteElo "2581"]
[BlackElo "2704"]
[PlyCount "88"]
[EventDate "2006.??.??"]
[Source "www.chesslib.no"]
[SourceDate "2004.05.04"]

1. e4 c6 2. Nc3 d5 3. Nf3 Bg4 4. h3 Bh5 5. exd5 cxd5 6. Bb5+ Nc6 7. g4 Bg6 8. Ne5 Rc8 9. d4 e6 10. Qe2 Bd6 11. Bxc6+ bxc6 12. Bf4 Ne7 13. O-O-O f6 14. Nxg6 hxg6 15. Bg3 Bxg3 16. fxg3 Qd6 17. Rd3 Kf7 18. Re3 Rce8 19. h4 Nc8 20. Re1 Nb6 21. b3 Nd7 22. Qa6 Qc7 23. Na4 e5 24. dxe5 Rxe5 25. Rxe5 Nxe5 26. g5 Re8 27. Kb1 Re7 28. gxf6 gxf6 29. Qf1 Qa5 30. Qe2 Kg7 31. h5 Rb7 32. Nb2 Rb4 33. h6+ Kh7 34. Qd2 Ra4 35. Qf2 Re4 36. Rd1 Ng4 37. Qg1 Kxh6 38. Nd3 Kg7 39. Nc5 Re3 40. Nd3 Qc7 41. Nf4 g5 42. Rd3 Re4 43. Ng2 Qb6 44. Qf1 Qf2 0-1

[Event "KasparovChess GP g/60"]
[Site "Internet"]
[Date "2000.02.12"]
[Round "1.2"]
[White "Short, Nigel D"]
[Black "Adianto, Utut"]
[Result "1-0"]
[WhiteElo "2683"]
[BlackElo "2584"]
[PlyCount "151"]
[EventDate "2000.02.09"]
[Source "ChessBase"]
[SourceDate "2000.05.31"]

1. e4 c6 2. Nf3 d5 3. Nc3 Bg4 4. h3 Bxf3 5. Qxf3 e6 6. Be2 Nf6 7. O-O d4 8. Nb1 Nbd7 9. d3 Bd6 10. Bd1 O-O 11. Qe2 e5 12. c3 dxc3 13. bxc3 Nc5 14. Nd2 Re8 15. Bc2 Ne6 16. Nf3 Qa5 17. Bd2 Rad8 18. g3 b5 19. Rfb1 Qc7 20. a4 a6 21. Kg2 Bf8 22. axb5 axb5 23. Rd1 h6 24. Be3 c5 25. Rdb1 Rb8 26. Ra6 Nd7 27. Bb3 Bd6 28. Bd5 Nf6 29. Bc6 Red8 30. Rxb5 Qc8 31. Rba5 Nc7 32. Ra7 Ne6 33. Bb5 Bc7 34. Ba6 Qd7 35. Ra1 Qe8 36. Bc4 Bb6 37. R7a2 Nd7 38. Nh4 Nf6 39. Rb2 Bc7 40. Rxb8 Bxb8 41. Ra6 Bd6 42. Nf5 Bf8 43. Qa2 Kh7 44. Bxe6 fxe6 45. Rxe6 Qf7 46. Qa6 Qd7 47. Rxf6 gxf6 48. Qxf6 Re8 49. Bxh6 Bxh6 50. Qxh6+ Kg8 51. Qg6+ Kh8 52. Nd6 Re7 53. h4 Qe6 54. Qxe6 Rxe6 55. Nc4 Kg7 56. Kf3 Kf6 57. Kg4 Re8 58. Ne3 Rg8+ 59. Kf3 Ra8 60. Nd5+ Kg6 61. Kg4 Ra2 62. f4 exf4 63. Nxf4+ Kf6 64. d4 Rd2 65. e5+ Kf7 66. dxc5 Rc2 67. Kf5 Rxc3 68. g4 Rxc5 69. g5 Rc1 70. h5 Rh1 71. h6 Ke7 72. Nd5+ Kf8 73. Nf6 Rf1+ 74. Kg6 Rh1 75. h7 Ke7 76. Nh5 1-0

[Event "Aeroflot Open"]
[Site "Moscow"]
[Date "2003.02.19"]
[Round "9"]
[White "Galkin, Alexander"]
[Black "Dreev, Alexey"]
[Result "1/2-1/2"]
[WhiteElo "2568"]
[BlackElo "2690"]
[PlyCount "36"]
[EventDate "2003.02.10"]
[Source "Roberto Alvarez"]
[SourceDate "2003.02.24"]

1. e4 c6 2. Nc3 d5 3. Nf3 Bg4 4. h3 Bxf3 5. Qxf3 e6 6. g3 Nf6 7. Bg2 Nbd7 8. d4 Bb4 9. e5 Ne4 10. O-O Nxc3 11. bxc3 Be7 12. Qd1 Bb4 13. Qg4 Rf8 14. Qxg7 Rh8 15. Bd2 Rf8 16. a3 Qa5 17. Qg4 Qd8 18. Qd1 Nf6 1/2-1/2

[Event "Corsica Masters"]
[Site "Bastia"]
[Date "2000.11.05"]
[Round "2.2"]
[White "Djuric, Stefan"]
[Black "Anand, Viswanathan"]
[Result "0-1"]
[WhiteElo "2472"]
[BlackElo "2762"]
[PlyCount "46"]
[EventDate "2000.11.05"]
[Source "www.chesslib.no"]
[SourceDate "2004.05.04"]

1. e4 c6 2. Nc3 d5 3. Nf3 Bg4 4. h3 Bxf3 5. Qxf3 e6 6. d4 dxe4 7. Qxe4 Nf6 8. Qe3 Nbd7 9. Bd2 Bb4 10. O-O-O Nd5 11. Nxd5 Bxd2+ 12. Qxd2 cxd5 13. Qb4 Qb6 14. Bb5 O-O-O 15. Rd3 Nf6 16. Rb3 Kb8 17. Qa4 Rd6 18. Re1 Qc7 19. Ree3 Rb6 20. g3 Ne4 21. Rf3 Rc8 22. Ra3 a6 23. Bd7 Rb4 0-1

[Event "Deutschland"]
[Site "?"]
[Date "2000.??.??"]
[Round "?"]
[White "Rozentalis, E."]
[Black "Jussupow, A."]
[Result "1/2-1/2"]
[WhiteElo "2585"]
[BlackElo "2635"]
[PlyCount "85"]
[EventDate "2000.??.??"]
[Source "Chess Informant"]
[SourceDate "2000.02.01"]

1. e4 c6 2. Nc3 d5 3. Nf3 Bg4 4. h3 Bxf3 5. Qxf3 e6 6. d3 Nf6 7. Be2 Bd6 8. O-O Nbd7 9. g4 h6 10. exd5 cxd5 11. Nb5 Bb8 12. c4 Ne5 13. Qg2 Ng6 14. f4 a6 15. Nc3 Qb6+ 16. Kh1 Bd6 17. cxd5 Nxd5 18. Nxd5 exd5 19. Qxd5 O-O 20. f5 Nh4 21. f6 Rae8 22. fxg7 Kxg7 23. Bf3 Bb8 24. Be4 Re5 25. Qxb7 Qxb7 26. Bxb7 Re2 27. Bf4 Rxb2 28. Bxb8 Rxb8 29. Bd5 R8b5 30. Rxf7+ Kg6 31. Bc4 Re5 32. Raf1 Re3 33. R7f2 Rxh3+ 34. Kg1 Rb6 35. Rf8 Kg5 36. Rg8+ Ng6 37. d4 Rg3+ 38. Kh2 Rxg4 39. Bd3 Rh4+ 40. Kg3 Rg4+ 41. Kh3 Rh4+ 42. Kg3 Rg4+ 43. Kh3 1/2-1/2

[Event "Hastings 9697"]
[Site "Hastings"]
[Date "1996.??.??"]
[Round "4"]
[White "Movsesian, Sergei"]
[Black "Conquest, Stuart"]
[Result "1-0"]
[WhiteElo "2635"]
[BlackElo "2585"]
[PlyCount "91"]
[EventDate "1996.12.??"]
[Source "ChessBase"]
[SourceDate "1997.04.10"]

1. e4 c6 2. Nc3 d5 3. Nf3 Bg4 4. h3 Bxf3 5. Qxf3 e6 6. d3 Nf6 7. Bd2 Na6 8. O-O-O Bb4 9. e5 d4 10. Ne2 Nd7 11. Nxd4 Bxd2+ 12. Rxd2 Qa5 13. a3 Qxe5 14. Nb3 Nc7 15. d4 Qf6 16. Qg3 O-O-O 17. Bd3 e5 18. Rhd1 Ne6 19. Be2 h5 20. Kb1 Nf4 21. Bc4 exd4 22. Rxd4 Ne5 23. Bf1 Ne6 24. Rxd8+ Rxd8 25. Rxd8+ Kxd8 26. Qe3 b6 27. g3 g5 28. Nd2 Kc7 29. Ne4 Qf5 30. b3 Nf3 31. Bd3 g4 32. h4 Qe5 33. Qh6 Ned4 34. Qf8 Qe6 35. Qa8 Nb5 36. Bxb5 Qxe4 37. Qxa7+ Kd6 38. Qb8+ Kc5 39. Bd3 Qe1+ 40. Ka2 Qxf2 41. Qf8+ Kd5 42. Qd8+ Ke6 43. Bc4+ Kf5 44. Qd7+ Ke4 45. Qxc6+ Ke3 46. Qh6+ 1-0

[Event "Amber-blind 3rd"]
[Site "Monte Carlo"]
[Date "1994.??.??"]
[Round "2"]
[White "Polgar, Judit"]
[Black "Seirawan, Yasser"]
[Result "0-1"]
[WhiteElo "2630"]
[BlackElo "2585"]
[PlyCount "100"]
[EventDate "1994.03.??"]
[Source "ChessBase"]

1. e4 c6 2. Nc3 d5 3. Nf3 Bg4 4. h3 Bxf3 5. Qxf3 e6 6. d3 Nd7 7. Be2 g6 8. O-O Bg7 9. Qg3 Ne7 10. Bg5 O-O 11. h4 h6 12. Bd2 h5 13. Rae1 Nf6 14. Bg5 Nh7 15. Bc1 b5 16. f4 b4 17. Nd1 Qd7 18. Kh1 f5 19. Nf2 Nf6 20. Bf3 Ng4 21. Nh3 Bf6 22. Ng5 Rae8 23. Re2 Bxg5 24. hxg5 c5 25. Rfe1 Kf7 26. Qh4 Nc6 27. c3 d4 28. c4 Kg7 29. Kg1 Nd8 30. b3 Nf7 31. a3 a5 32. axb4 axb4 33. Ra2 Nd6 34. Ra6 Re7 35. Bb2 Nf7 36. Re2 Rfe8 37. Qe1 Qc7 38. g3 Kh7 39. Qa1 Nxg5 40. Bg2 Nf7 41. Qa5 Ne3 42. Bf3 Nh6 43. Qb5 Rb8 44. Qc6 Rc8 45. Qxc7 Rcxc7 46. Ra8 Nd1 47. Bc1 Nc3 48. Re1 Ra7 49. Rc8 Rec7 50. Ra8 Rxa8 0-1

[Event "Monaco MNC"]
[Site "Monaco MNC"]
[Date "1994.??.??"]
[Round "2"]
[White "Polgar, Judit"]
[Black "Seirawan, Yasser"]
[Result "0-1"]
[WhiteElo "2630"]
[BlackElo "2585"]
[PlyCount "100"]
[EventDate "1994.??.??"]
[Source "www.chesslib.no"]
[SourceDate "2004.05.04"]

1. e4 c6 2. Nc3 d5 3. Nf3 Bg4 4. h3 Bxf3 5. Qxf3 e6 6. d3 Nd7 7. Be2 g6 8. O-O Bg7 9. Qg3 Ne7 10. Bg5 O-O 11. h4 h6 12. Bd2 h5 13. Rae1 Nf6 14. Bg5 Nh7 15. Bc1 b5 16. f4 b4 17. Nd1 Qd7 18. Kh1 f5 19. Nf2 Nf6 20. Bf3 Ng4 21. Nh3 Bf6 22. Ng5 Rae8 23. Re2 Bxg5 24. hxg5 c5 25. Rfe1 Kf7 26. Qh4 Nc6 27. c3 d4 28. c4 Kg7 29. Kg1 Nd8 30. b3 Nf7 31. a3 a5 32. axb4 axb4 33. Ra2 Nd6 34. Ra6 Re7 35. Bb2 Nf7 36. Re2 Rfe8 37. Qe1 Qc7 38. g3 Kh7 39. Qa1 Nxg5 40. Bg2 Nf7 41. Qf1 Ne3 42. Ra2 Nh6 43. Ba1 Rb8 44. Rxe3 Rc8 45. Qf2 Qd6 46. Ra6 dxe3 47. Ra8 Rg8 48. Qe1 Qxd3 49. Bd4 Ree8 50. Ra2 Qc3 0-1

[Event "CRO-chT"]
[Site "Medulin"]
[Date "1997.??.??"]
[Round "?"]
[White "Movsesian, Sergei"]
[Black "Tukmakov, Vladimir B"]
[Result "1/2-1/2"]
[WhiteElo "2630"]
[BlackElo "2585"]
[PlyCount "57"]
[EventDate "1997.??.??"]
[Source "www.chesslib.no"]
[SourceDate "2004.05.04"]

1. e4 c6 2. Nc3 d5 3. Nf3 Bg4 4. h3 Bh5 5. exd5 cxd5 6. Bb5+ Nc6 7. g4 Bg6 8. Ne5 Rc8 9. d4 e6 10. h4 f6 11. Nxg6 hxg6 12. Qd3 Kf7 13. Bxc6 Rxc6 14. h5 gxh5 15. gxh5 Ne7 16. Bd2 Nf5 17. O-O-O Qb6 18. Nxd5 Qxd4 19. Qxd4 Nxd4 20. Nc3 Nf5 21. Bf4 Bd6 22. Bxd6 Rxd6 23. Ne4 Rxd1+ 24. Rxd1 Ke7 25. Nc5 Nd6 26. Rg1 Kf7 27. Rd1 Ke7 28. Rg1 Kf7 29. Rd1 1/2-1/2

[Event "Polanica Zdroj"]
[Site "?"]
[Date "1996.??.??"]
[Round "?"]
[White "Movsesian, Sergei"]
[Black "Rogers, I."]
[Result "0-1"]
[WhiteElo "2635"]
[BlackElo "2575"]
[PlyCount "110"]
[EventDate "1996.??.??"]
[Source "ChessBase"]
[SourceDate "1996.06.01"]

1. e4 c6 2. Nc3 d5 3. Nf3 Bg4 4. h3 Bh5 5. exd5 cxd5 6. Bb5+ Nc6 7. g4 Bg6 8. Ne5 Rc8 9. d4 e6 10. Qe2 Bb4 11. a3 Bxc3+ 12. bxc3 Nge7 13. h4 O-O 14. Nxg6 fxg6 15. h5 Rf7 16. Bd3 Qd6 17. hxg6 Nxg6 18. g5 e5 19. Qh5 e4 20. Qxh7+ Kf8 21. Be2 Ke7 22. Qh3 Rh8 23. Qg2 Nf4 24. Bxf4 Rxh1+ 25. Qxh1 Qxf4 26. Qg2 e3 27. O-O-O exf2+ 28. Kb2 Kd6 29. Bd3 Na5 30. Rf1 a6 31. Qh3 Rf8 32. Qh7 Qf7 33. Qh2+ Kd7 34. Qh3+ Kc6 35. a4 Kb6 36. g6 Qf6 37. Qd7 Nc4+ 38. Ka2 Ka7 39. Bxc4 dxc4 40. Qc7 Ka8 41. Qc5 Qf5 42. Qxf5 Rxf5 43. Kb2 a5 44. Kc1 Ka7 45. Kd2 b5 46. axb5 Kb6 47. Ke2 a4 48. d5 Re5+ 49. Kf3 Rxd5 50. Ke3 Rf5 51. Kd4 Kxb5 52. Rb1+ Kc6 53. Rf1 a3 54. Ke3 a2 55. Ke2 Re5+ 0-1

[Event "Deutschland"]
[Site "?"]
[Date "2000.??.??"]
[Round "?"]
[White "Lutz, Ch"]
[Black "Khenkin, I."]
[Result "1/2-1/2"]
[WhiteElo "2585"]
[BlackElo "2620"]
[PlyCount "65"]
[EventDate "2000.??.??"]
[Source "Chess Informant"]
[SourceDate "2000.06.01"]

1. e4 c6 2. Nf3 d5 3. Nc3 Bg4 4. h3 Bh5 5. exd5 cxd5 6. Bb5+ Nc6 7. g4 Bg6 8. Ne5 Rc8 9. d4 e6 10. Qe2 Bb4 11. h4 Nge7 12. h5 Be4 13. f3 O-O 14. Nxc6 Nxc6 15. Be3 Qf6 16. fxe4 Nxd4 17. Bxd4 Qxd4 18. Rd1 Bxc3+ 19. bxc3 Qxc3+ 20. Kf1 dxe4 21. Qxe4 Qxc2 22. Qxc2 Rxc2 23. Rd7 Rxa2 24. Rxb7 Rb2 25. Rh3 h6 26. Rc3 a5 27. Rcc7 Rb4 28. Be2 Rxb7 29. Rxb7 Ra8 30. Bf3 Kf8 31. Rc7 Ra6 32. Be2 Ra8 33. Bf3 1/2-1/2

[Event "OHRA"]
[Site "Amsterdam"]
[Date "1985.??.??"]
[Round "6"]
[White "Timman, Jan H"]
[Black "Miles, Anthony J"]
[Result "1-0"]
[WhiteElo "2640"]
[BlackElo "2560"]
[PlyCount "103"]
[EventDate "1985.07.??"]
[Source "ChessBase"]

1. e4 c6 2. Nf3 d5 3. Nc3 Bg4 4. h3 Bxf3 5. Qxf3 Nf6 6. d3 e6 7. Bd2 Nbd7 8. g4 h6 9. h4 Ne5 10. Qg3 Nexg4 11. e5 Bc5 12. Nd1 Qc7 13. f4 Rg8 14. exf6 gxf6 15. Ne3 Bxe3 16. Bxe3 O-O-O 17. Qf3 Nxe3 18. Qxe3 Rg4 19. f5 Rg3 20. Qd4 c5 21. Qf2 Qe5+ 22. Kd2 Qxb2 23. Qxg3 Qxa1 24. fxe6 fxe6 25. Qe3 c4 26. Qxe6+ Kb8 27. Qe7 c3+ 28. Ke2 Rc8 29. Bh3 Qxh1 30. Qd6+ Ka8 31. Bxc8 Qg2+ 32. Ke3 Qxc2 33. Be6 a6 34. Bxd5 Ka7 35. Kd4 Qc1 36. Qc5+ Kb8 37. Qd6+ Ka7 38. Qe7 Qg1+ 39. Qe3 Qa1 40. Ke4+ Ka8 41. Qc5 Qb2 42. Bb3 Qe2+ 43. Kd4 Qe1 44. h5 Kb8 45. Qd6+ Ka7 46. Kc4 Ka8 47. Qxf6 Qd2 48. Qxc3 b5+ 49. Kd4 Qf4+ 50. Kd5 Qf3+ 51. Kd6 Qf8+ 52. Kd7 1-0

[Event "Magistrale Hebraica 2008"]
[Site "San Paolo BRA"]
[Date "2008.04.09"]
[Round "4"]
[White "Leitao, Rafael"]
[Black "Milos, Gilberto"]
[Result "1/2-1/2"]
[WhiteElo "2604"]
[BlackElo "2594"]
[PlyCount "24"]
[EventDate "2008.04.06"]
[Source "www.chesslib.no"]
[SourceDate "2004.05.04"]

1. Nf3 c6 2. e4 d5 3. Nc3 Bg4 4. h3 Bxf3 5. Qxf3 e6 6. a3 Nf6 7. d3 Be7 8. g3 O-O 9. Bg2 Nbd7 10. O-O dxe4 11. Nxe4 Nxe4 12. Qxe4 Nf6 1/2-1/2

[Event "Isle of Man Open"]
[Site "Isle of Man IOM"]
[Date "1995.??.??"]
[Round "9"]
[White "Milov, Vadim"]
[Black "Hodgson, Julian M"]
[Result "1/2-1/2"]
[WhiteElo "2580"]
[BlackElo "2615"]
[PlyCount "23"]
[EventDate "1995.10.??"]
[Source "www.chesslib.no"]
[SourceDate "2004.05.04"]

1. e4 c6 2. Nc3 d5 3. Nf3 Bg4 4. h3 Bxf3 5. Qxf3 e6 6. d3 Nf6 7. a3 Be7 8. g3 O-O 9. Bg2 a5 10. O-O a4 11. Qe2 dxe4 12. Nxe4 1/2-1/2

[Event "OHRA"]
[Site "Amsterdam"]
[Date "1986.??.??"]
[Round "?"]
[White "Van der Wiel, John TH"]
[Black "Timman, Jan H"]
[Result "1-0"]
[WhiteElo "2570"]
[BlackElo "2620"]
[PlyCount "73"]
[EventDate "1986.07.??"]
[Source "ChessBase"]

1. e4 c6 2. Nf3 d5 3. Nc3 Bg4 4. h3 Bh5 5. exd5 cxd5 6. g4 Bg6 7. Bb5+ Nc6 8. Ne5 Rc8 9. d4 e6 10. Qe2 Bb4 11. h4 Nge7 12. h5 Be4 13. f3 O-O 14. Nxc6 Nxc6 15. Be3 Qf6 16. fxe4 Nxd4 17. Bxd4 Qxd4 18. Rd1 Bxc3+ 19. bxc3 Qxc3+ 20. Kf1 dxe4 21. Qxe4 f5 22. Qxe6+ Kh8 23. Bd3 Qd4 24. gxf5 Rce8 25. Re1 Rxe6 26. Rxe6 Qd5 27. Kg1 Qxa2 28. Kh2 a5 29. Rhe1 a4 30. h6 Qd5 31. R1e5 Qd4 32. hxg7+ Kxg7 33. Kg3 a3 34. Ra5 Rf6 35. Re4 Qg1+ 36. Kf3 a2 37. Rg4+ 1-0

[Event "Dortmund"]
[Site "?"]
[Date "1994.??.??"]
[Round "?"]
[White "Leko, P."]
[Black "Timman, J."]
[Result "1/2-1/2"]
[WhiteElo "2555"]
[BlackElo "2635"]
[PlyCount "58"]
[EventDate "1994.??.??"]
[Source "ChessBase"]
[SourceDate "1994.06.01"]

1. e4 c6 2. Nc3 d5 3. Nf3 Bg4 4. h3 Bxf3 5. Qxf3 e6 6. Be2 Nd7 7. O-O Bc5 8. d3 Ne7 9. Rd1 Bd4 10. Nb1 O-O 11. c3 Bf6 12. d4 e5 13. Be3 exd4 14. Bxd4 Bxd4 15. Rxd4 Qb6 16. Rd2 Rad8 17. exd5 Ne5 18. Qe4 Rxd5 19. Qc2 Rfd8 20. Rxd5 Nxd5 21. Na3 Nf4 22. Rd1 h6 23. Rd2 Qa5 24. Qd1 Nxe2+ 25. Qxe2 Nf3+ 26. Qxf3 Rxd2 27. Nc4 Qd5 28. Nxd2 Qxd2 29. Qf5 Qxb2 1/2-1/2

[Event "Leon"]
[Site "Leon"]
[Date "1993.??.??"]
[Round "1"]
[White "Leko, Peter"]
[Black "Karpov, Anatoly"]
[Result "1/2-1/2"]
[WhiteElo "2465"]
[BlackElo "2725"]
[PlyCount "139"]
[EventDate "1993.05.??"]
[Source "ChessBase"]

1. e4 c6 2. Nc3 d5 3. Nf3 Bg4 4. h3 Bxf3 5. Qxf3 e6 6. Be2 Nf6 7. d3 Bd6 8. O-O Nbd7 9. d4 dxe4 10. Nxe4 Nxe4 11. Qxe4 Nf6 12. Qf3 O-O 13. c3 Qa5 14. Bf4 Rad8 15. Rfe1 Rfe8 16. Bxd6 Rxd6 17. Bc4 Qb6 18. Qe2 c5 19. dxc5 Qxc5 20. Rad1 Red8 21. Rxd6 Rxd6 22. Rd1 g6 23. Rxd6 Qxd6 24. Qf3 Qe7 25. Qe3 Qc7 26. Bb3 b6 27. Qd4 Kg7 28. g3 e5 29. Qe3 h5 30. h4 Qe7 31. Qf3 Qd7 32. Qd1 Qc6 33. Qe2 Ng4 34. Qd2 a5 35. Bd1 Nf6 36. Qe3 Qd6 37. Bf3 Nd7 38. Kg2 Nc5 39. Kg1 Nd7 40. Kg2 Qe6 41. b3 Qd6 42. b4 Nf6 43. a3 Nd5 44. Bxd5 Qxd5+ 45. Kg1 axb4 46. cxb4 b5 47. Qb6 e4 48. Kf1 Qd1+ 49. Kg2 Qd3 50. Kg1 Qc4 51. Kg2 Qd3 52. Kg1 Kf8 53. Qa7 Qd1+ 54. Kg2 Qf3+ 55. Kg1 Qd3 56. Kg2 Ke8 57. Kg1 Qd1+ 58. Kg2 Qd5 59. Kh2 Kf8 60. Kg1 Kg7 61. Qb6 f6 62. Qc7+ Kf8 63. Qa7 g5 64. hxg5 fxg5 65. Qb8+ Kf7 66. Qh8 Qd1+ 67. Kh2 Qf3 68. Qd4 e3 69. Qd7+ Kf6 70. Qd6+ 1/2-1/2

[Event "Eastern op"]
[Site "Washington DC"]
[Date "1997.??.??"]
[Round "5"]
[White "Kudrin, Sergey"]
[Black "Yermolinsky, Alex"]
[Result "1/2-1/2"]
[WhiteElo "2535"]
[BlackElo "2650"]
[PlyCount "55"]
[EventDate "1997.??.??"]
[Source "www.chesslib.no"]
[SourceDate "2004.05.04"]

1. e4 c6 2. Nc3 d5 3. Nf3 Bg4 4. h3 Bxf3 5. Qxf3 Nf6 6. g3 d4 7. Nb1 Nbd7 8. d3 e5 9. h4 Bb4+ 10. Nd2 Qa5 11. a3 c5 12. g4 Nf8 13. Ke2 Bxd2 14. Bxd2 Qc7 15. g5 N6d7 16. b3 Ne6 17. Bh3 Qd6 18. h5 Rf8 19. Bf5 g6 20. Bg4 O-O-O 21. Qh3 Rde8 22. hxg6 hxg6 23. a4 Kc7 24. Rae1 Nb8 25. Bxe6 Qxe6 26. Qxe6 Rxe6 27. Rh7 Nc6 28. Reh1 1/2-1/2

[Event "BCF-chT 0102 (4NCL)"]
[Site "Birmingham"]
[Date "2002.05.06"]
[Round "11.2"]
[White "Conquest, Stuart"]
[Black "Speelman, Jonathan S"]
[Result "0-1"]
[WhiteElo "2582"]
[BlackElo "2596"]
[PlyCount "110"]
[EventDate "2001.09.22"]
[Source "ChessBase"]
[SourceDate "2002.08.12"]

1. e4 c6 2. Nc3 d5 3. Nf3 Bg4 4. h3 Bxf3 5. Qxf3 e6 6. d3 Bb4 7. a3 Ba5 8. Qg3 Kf8 9. Bf4 Nd7 10. Be2 Ne7 11. O-O Rc8 12. Kh1 a6 13. Rad1 Bc7 14. Bxc7 Qxc7 15. f4 g6 16. Rde1 Re8 17. Qh4 h6 18. Bg4 Kg7 19. Ne2 Nf6 20. Bf3 dxe4 21. Bxe4 Qb6 22. b4 a5 23. c3 axb4 24. axb4 Ned5 25. Rf3 Re7 26. Rb1 Ra8 27. Qe1 Ra2 28. Nd4 Qc7 29. Qc1 e5 30. Bxd5 Nxd5 31. fxe5 Qxe5 32. Qg1 Nxc3 33. Rbf1 Nd5 34. b5 Ne3 35. bxc6 Rxg2 36. Nf5+ Nxf5 37. Qxg2 Nh4 38. d4 Qc7 39. Qg3 Nxf3 40. Qxc7 Rxc7 41. cxb7 Rxb7 42. Rxf3 Rb1+ 43. Kg2 Rd1 44. Rf4 f5 45. Kf2 Kf6 46. Ke2 g5 47. Rxf5+ Kxf5 48. Kxd1 Kf4 49. Ke2 Ke4 50. Kf2 Kxd4 51. Kf3 Ke5 52. Ke3 Kf5 53. Kf3 h5 54. Kf2 Ke4 55. Ke2 Kf4 0-1

[Event "Bayern-ch Bank Hofmann 3rd"]
[Site "Bad Wiessee"]
[Date "1999.10.26"]
[Round "4"]
[White "David, Alberto"]
[Black "Khenkin, Igor"]
[Result "1-0"]
[WhiteElo "2544"]
[BlackElo "2633"]
[PlyCount "67"]
[EventDate "1999.10.23"]
[Source "www.chesslib.no"]
[SourceDate "2004.05.04"]

1. e4 c6 2. Nf3 d5 3. Nc3 Bg4 4. Be2 e6 5. O-O Nf6 6. Ne5 Bxe2 7. Qxe2 Be7 8. d3 O-O 9. f4 Nbd7 10. Nf3 dxe4 11. dxe4 e5 12. f5 Qb6+ 13. Kh1 a5 14. g4 Qa6 15. Qg2 Bb4 16. Nd2 Rad8 17. Qf3 Nc5 18. Re1 Rd4 19. g5 Nfd7 20. Ndb1 Na4 21. Rg1 Nxc3 22. Nxc3 Bxc3 23. bxc3 Ra4 24. Be3 Qc4 25. Rad1 Qxe4 26. Qxe4 Rxe4 27. Rg3 Nb8 28. Bc5 Re8 29. Rgd3 h6 30. g6 fxg6 31. fxg6 Na6 32. Rd8 Nc7 33. Rxe8+ Nxe8 34. Rd8 1-0